| 000 | 00000nam##2200000za#4500 |
| 001 | 9.671055 |
| 003 | CaOODSP |
| 005 | 20220404161100 |
| 007 | ta |
| 008 | 150407|2009||||xxc||||| f|0| 0 eng|d |
| 020 | |a978-0-662-06603-3 |
| 040 | |aCaOODSP|beng |
| 041 | |aeng |
| 041 | |afre |
| 043 | |an-cn--- |
| 086 | 1 |aCC394-3/2009 |
| 110 | 2 |aCanada Deposit Insurance Corporation. |
| 245 | 10|aProtecting your deposits : |bfrom $1 to $100,000 |
| 260 | |aOttawa - Ontario : |bCanada Deposit Insurance Corporation |cJune 2009. |
| 300 | |aEnglish text, [5]p. : |btable, photographs ; |c23 cm. |
| 563 | |aPamphlet |
| 590 | |a09-26|b2009-06-26 |
| 776 | 0#|tProtecting your deposits : |w(CaOODSP)9.692333 |
| 776 | 0#|tProtection de vos dépôts : |w(CaOODSP)9.636600 |
| 792 | |tProtection de vos dépôts : |efre|w(CaOODSP)9.671056 |